| 000 | 00430 a2200157 4500 | ||
|---|---|---|---|
| 999 |
_c12902 _d12902 |
||
| 003 | OSt | ||
| 005 | 20240729171504.0 | ||
| 008 | 240729b ||||| |||| 00| 0 eng d | ||
| 020 | _a 9780060525347 | ||
| 082 | _a726.509224563 | ||
| 100 | _aJake Morrissey | ||
| 245 | _aThe Genius in the Design: Bernini, Borromini, and the Rivalry That Transformed Rome | ||
| 260 |
_b Harper Perennial _c2006 |
||
| 300 | _a320p; | ||
| 942 | _2ddc | ||